| 000 | 00000cam 2200000zi 4500 |
| 001 | 9.962666 |
| 003 | CaOODSP |
| 005 | 20260508112732 |
| 006 | m o d f |
| 007 | cr |n||||||||| |
| 008 | 260508t20132013oncdab ob f|0| 0 eng d |
| 040 | |aCaOODSP|beng|erda|cCaOODSP |
| 043 | |an-cn-nt |
| 086 | 1 |aM183-2/7392E-PDF |
| 100 | 1 |aDuchesne, C., |eauthor. |
| 245 | 10|aAir and near surface ground temperatures, indices and summary statistics from 1993 to 2012 for the Mackenzie Valley Corridor, Northwest Territories / |cC. Duchesne, D.W. Riseborough, S.L. Smith. |
| 264 | 1|a[Ottawa] : |bGeological Survey of Canada, |c2013. |
| 264 | 4|c©2013 |
| 300 | |a1 online resource (iv, 85 pages) : |bcharts, illustrations, maps. |
| 336 | |atext|btxt|2rdacontent |
| 337 | |acomputer|bc|2rdamedia |
| 338 | |aonline resource|bcr|2rdacarrier |
| 490 | 1 |aOpen file (Geological Survey of Canada) ; |v7392 |
| 504 | |aIncludes bibliographical references (pages 19-21). |
| 520 | |a"Since the early 1990s the Geological Survey of Canada has maintained a network of air and ground surface temperature monitoring sites along a transect in the Mackenzie corridor stretching from the outer Mackenzie Delta to northern Alberta. Data collected from these sites have been utilized to investigate the relationship between air and ground surface temperature for a range of terrain, vegetation and climatic conditions throughout the region. This report presents the data collected up to 2012"--Abstract. |
| 650 | 0|aPermafrost|zNorthwest Territories|xMeasurement. |
| 650 | 0|aTemperature measurements. |
| 650 | 6|aPergélisols|zTerritoires du Nord-Ouest|xMesure. |
| 650 | 6|aThermométrie. |
| 710 | 2 |aGeological Survey of Canada, |eissuing body. |
| 794 | |tAir and near surface ground temperatures, indices and summary statistics from 1993 to 2012 for the Mackenzie Valley Corridor, Northwest Territories / |b[2014 edition]|w(CaOODSP)9.962668 |
| 830 | #0|aOpen file (Geological Survey of Canada)|v7392.|w(CaOODSP)9.506878 |
| 856 | 40|qPDF|s22.90 MB|uhttps://publications.gc.ca/collections/collection_2026/rncan-nrcan/m183-2/M183-2-7392-eng.pdf |
| 856 | 4 |qHTML|sN/A|uhttps://doi.org/10.4095/292675 |